000 00349 a2200157 4500
001 47461
020 _a978857238
040 _cAnchieta - Aquarius
100 _aCorgozinho, Lilian
240 1 0 _aCompartilhar é bom
_lpor
245 1 0 _aCompartilhar é bom
300 _a16
362 0 _a2009
650 4 _aLiteratura infanto-juvenil
942 _cBK
999 _c47461
_d47461